LEADER 03845 am 2201045 n 450 001 9910619500103321 005 20211124 010 $a2-7297-1367-0 024 7 $a10.4000/books.pul.37852 035 $a(CKB)4100000012897343 035 $a(FrMaCLE)OB-pul-37852 035 $a(oapen)https://directory.doabooks.org/handle/20.500.12854/95187 035 $a(PPN)265625173 035 $a(EXLCZ)994100000012897343 100 $a20221028j|||||||| ||| 0 101 0 $afre 135 $auu||||||m|||| 181 $ctxt$2rdacontent 182 $cc$2rdamedia 183 $acr$2rdacarrier 200 14$aLes Ouvertures de l?opéra $eUne nouvelle géographie culturelle ? /$fMichel Foucher 210 $aLyon $cPresses universitaires de Lyon$d2021 215 $a1 online resource (104 p.) 225 1 $aTransversales 311 $a2-7297-0551-1 330 $aDans le cadre des Entretiens Jacques Cartier, le colloque Opéra Mundi a été conçu par l?Observatoire européen de géopolitique, en symphonie avec l?opéra de Lyon, pour repenser la géographie culturelle et l?économie de l?opéra, dans une approche à plusieurs voix. De la mode au cinéma, de la psychanalyse à la littérature, de la géopolitique à l?économie des biens culturels, l?opéra est un art d?ouvertures : carrefour des arts et des nations, de leurs langues officielles et de leurs cultures particulières. Phénomène européen, il a vu sa diffusion s?élargir au fil des courants économiques et migratoires. L?opéra a ses lieux, réels et mythiques, ses publics, ses marchés. L?art lyrique aborde le prochain siècle en s?ouvrant aux moyens modernes de communication. La voix de l?autre ne cessera donc de nous fasciner. Par sa capacité à franchir les frontières culturelles, l?opéra est investi d?une fonction civique, puisqu?il nous invite, l?espace d?un soir, à la multi-appartenance. Alors l?écoute et l?ouverture participent de ce que l?on appelle la civilisation. 606 $aArt 606 $aGeography 606 $aPolitical Science 606 $aSociology 606 $asociologie 606 $agéopolitique 606 $aéconomie 606 $amarché 606 $aopéra 606 $agéographie 606 $alyrique 606 $amode 606 $apublic 606 $acinéma 606 $aculturelle 606 $aouvrir 606 $aurbaine 610 $asociologie 610 $agéopolitique 610 $aéconomie 610 $amarché 610 $aopéra 610 $agéographie 610 $alyrique 610 $amode 610 $apublic 610 $acinéma 610 $aculturelle 610 $aouvrir 610 $aurbaine 615 4$aArt 615 4$aGeography 615 4$aPolitical Science 615 4$aSociology 615 4$asociologie 615 4$agéopolitique 615 4$aéconomie 615 4$amarché 615 4$aopéra 615 4$agéographie 615 4$alyrique 615 4$amode 615 4$apublic 615 4$acinéma 615 4$aculturelle 615 4$aouvrir 615 4$aurbaine 700 $aBurgelin$b Claude$0446151 701 $aCusin$b Michel$0467729 701 $aFoucher$b Michel$0676623 701 $aFoucher$b Nicole$01350985 701 $aGagnepain$b Marc$01350986 701 $aGelas$b Nadine$01350987 701 $aLamantia$b Frédéric$0436323 701 $aLa Rochelle$b Réal$01365291 701 $aMontès$b Christian$0436319 701 $aParret$b Bernard$01350989 701 $aRoberto$b Antoine$01350990 701 $aFoucher$b Michel$0676623 801 0$bFR-FrMaCLE 906 $aBOOK 912 $a9910619500103321 996 $aLes Ouvertures de l?opéra$93386906 997 $aUNINA LEADER 02130nas 2200553- 450 001 996581131203316 005 20230402213018.0 011 $a0197-2618 035 $a(OCoLC)607579647 035 $a(CKB)5280000000213321 035 $a(CONSER)--2018200079 035 $a(EXLCZ)995280000000213321 100 $a20100416a19789999 --- a 101 0 $aeng 135 $aurbn||||||abp 135 $aurbn||||||ada 181 $ctxt$2rdacontent 182 $cc$2rdamedia 183 $acr$2rdacarrier 200 10$aConference record /$fIndustry Applications Society, IEEE-IAS ... Annual Meeting 210 1$aNew York :$cInstitute of Electrical and Electronics Engineers,$d1978- 210 31$aPiscataway, NJ :$cIEEE 300 $aAt head of title: IAS, 1993- 300 $aIssue for 2000 includes: World Conference on Industrial Applications of Electrical Energy. 311 $a2576-702X 517 1 $aConference record of the ... IEEE Industry Application Society Annual Meeting 517 1 $aConference record of the ... IEEE Industry Applications Conference ... IAS Annual Meeting 517 1 $aConference record of the ... Industry Applications Conference 517 1 $a... IEEE Industry Applications Society Annual Meeting 531 0 $aConf. rec. 606 $aElectrical engineering$vCongresses 606 $aElectric power$vCongresses 606 $aElectric power$2fast$3(OCoLC)fst00905358 606 $aElectrical engineering$2fast$3(OCoLC)fst01728596 608 $aPeriodicals.$2fast 608 $aConference papers and proceedings.$2fast 615 0$aElectrical engineering 615 0$aElectric power 615 7$aElectric power. 615 7$aElectrical engineering. 676 $a621 676 $a621.3/05 712 02$aInstitute of Electrical and Electronics Engineers.$bToronto Section, 712 02$aInstitute of Electrical and Electronics Engineers.$bCleveland Section, 712 12$aWorld Conference on Industrial Applications of Electrical Energy. 906 $aCONFERENCE 912 $a996581131203316 996 $aConference record$91885971 997 $aUNISA